| 000 | 00472nam a2200181Ia 4500 | ||
|---|---|---|---|
| 005 | 20230520120701.0 | ||
| 008 | 131103s9999 xx 000 0 und d | ||
| 040 | _aLoreto College | ||
| 041 | _aEnglish | ||
| 082 |
_a824.08 _bJEP |
||
| 245 |
_aEssays by modern writers _cedited by R.W.Jepson |
||
| 260 |
_aLondon _bLongmans _c1963 |
||
| 300 | _axi,212 p. | ||
| 440 | _aThe Heritage Of Literature Series | ||
| 700 |
_aJepson,R.W. _4ed. |
||
| 850 | _aLCLIB | ||
| 942 | _cBK | ||
| 999 |
_c5192 _d55671 |
||